000 00512nam a2200193Ia 4500
999 _c10850
_d10850
003 OSt
005 20191223135600.0
008 190216s9999||||xx |||||||||||||| ||und||
020 _a9788125919025
040 _coclc
082 _a336
_bBHA/P
100 _aBhatia, H L
_9563
245 0 _aPublic Finance /
_cH L Bhatia
250 _a25th ed.
260 _bVikas Publishing House,
_aDelhi:
_c2006.
300 _a727p
650 _aEconomics
942 _cBK
_2ddc
_h336
_iBHA/P
_k336
_mBHA/P